La Femme - Où va le monde (Paroles) - Statistiques

Statistiques générales
  • Ce quiz a été pris 41 fois
  • Le résultat moyen est 354 sur 482
Statistiques - réponses
Paroles % Correct
je
100%
Je
100%
le
100%
ma
100%
m'a
100%
Mais
100%
mon
100%
monde
100%
monde,
100%
monde ?
100%
100%
100%
ou
100%
Ou
100%
va
100%
à
97%
a
97%
de
97%
De
97%
demande
97%
des
97%
Des
97%
et
97%
Et
97%
filles
97%
garçons
97%
les
97%
me
97%
pour
97%
Pour
97%
Pourquoi
97%
pourquoi
97%
si
97%
fois,
93%
fois
93%
ça
90%
ça,
90%
ce
90%
cruel
90%
cruels
90%
mes
90%
ne
90%
Par
90%
bien
86%
ces
86%
la
86%
La
86%
Qui
86%
Se
86%
se
86%
avec
83%
Avec
83%
broyer
83%
du
83%
moi,
83%
moi
83%
noir
83%
peu
83%
plus
83%
que
83%
Que
83%
toi
83%
toujours
83%
vie
83%
amis
79%
en
79%
es
79%
Est
79%
est
79%
poire
79%
son
79%
sont
79%
tout
79%
veux
79%
bonne
76%
cauchemar
76%
être
76%
faire
76%
histoire
76%
pas
76%
vrais
76%
C'est
72%
c'est
72%
fait
72%
finissent
72%
larme
72%
n'est
72%
normal,
72%
normal ?
72%
tu
72%
belle
69%
côté
69%
gâcher
69%
gens
69%
histoires
69%
histoires,
69%
mal
69%
ment
69%
non
69%
peur
69%
qu'à
69%
te
69%
un
69%
aussi
66%
Dans
66%
dans
66%
demandes
66%
larmes
66%
Reste
66%
reste
66%
tous
66%
trompe
66%
Il
62%
méfie
62%
pu
62%
sacrifices
62%
cicatrices
59%
coeur
59%
couteaux
59%
filet
59%
misère
59%
peux
59%
s'en
59%
totale
59%
une
59%
arrêtez
55%
comme
55%
compliquée
55%
corps
55%
d'estime
55%
dos
55%
n'ai
55%
On
55%
pire
55%
planter
55%
rester
55%
trop
55%
y
55%
choses
52%
côtés
52%
finir
52%
loin
52%
mauvais
52%
mentent ?
52%
n'en
52%
personne
52%
qu'il
52%
sans
52%
Sans
52%
suis
52%
travers
52%
très
52%
Très
52%
trompent ?
52%
yeux
52%
confiance
48%
devenir
48%
faut
48%
inconnu
48%
malheureux
48%
Oui
48%
Oui,
48%
partir
48%
pis
48%
pitié
48%
rendu
48%
Tant
48%
tant
48%
aime
45%
c'était
45%
chaque
45%
chemin,
45%
continue
45%
déborder
45%
déjà
45%
doit
45%
Donner
45%
ensemble
45%
finit
45%
pleure
45%
quand
45%
s'aiment
45%
serai
45%
deux
41%
ego
41%
fidèle
41%
futiles
41%
passer
41%
pleurs
41%
pourtant
41%
qu'on
41%
trainer
41%
Alors
38%
cauchemars
38%
ceux
38%
comment
38%
derrière
38%
mettre
38%
personnes
38%
peut
38%
retourner
38%
doute
34%
drames
34%
jusqu'à
34%
pardonner
34%
pars
34%
Qu'as
34%
regard
34%
retiendra
34%
semblent
34%
taire
34%
toutes
34%
veut
34%
victimes
34%
bourreaux
31%
Désormais
31%
facile
31%
qu'ils
31%
venu
31%
foudroyé
28%
importe
28%
journée
28%
l'Homme
28%
L'homme
28%
longueur
28%
parait
28%
sait
28%
contredit
24%
jamais
24%
moquer
24%
Surtout
24%
finalement
21%
renifle
21%
réponse
21%
rien
21%
sais
21%
Virent
21%
déçu,
17%
Encore
17%
questions
17%
auxquelles
14%
trouverai
10%
Aucun quiz correspondant
Distribution des résultats
% des personnes avec chaque résultat
Percentile par nombre de réponses
Votre historique - résultats
Vous n’avez pas pris ce quiz